000 00704nam a2200229 i 4500
001 bg
245 0 0 _aGranice konkurencji /
_cGrupa Lizbońska ; tł. [z ang.] Mirosław Jarosiński ; [Polska Fundacja Promocji Kadr].
260 _aWarszawa :
_b"Poltext",
_c1996.
300 _a211 s. :
_bwykr. ;
_c24 cm.
490 1 _aEuromanagement
650 9 _aGospodarka
_yod 1945 r.
650 9 _aKonkurencja
_xzagadnienia
_yod 1945 r.
700 1 _aJAROSIŃSKI, Mirosław.
_eTł.
830 _aEuromanagement
020 _a8386890118
040 _cBPK
041 1 _apl
_hen
080 _a339.9+339.13](100)"1945/..."
920 _a83-86890-11-8
942 _cKS
008 s pl f |000 0 pol
999 _c25286
_d25286
856 _uhttp://koha.tu.koszalin.pl/cgi-bin/koha/opac-detail.pl?biblionumber=25286
_yKatalog online BPK